"La mala hora": Historia de una revolución silenciosa

Збережено в:
Бібліографічні деталі
Автор: Badilla Calderón, Annie Durán Páez, Omayra Vargas Montero, Marco
Формат: Книга
Мова:Undetermined
Опубліковано: San José, Costa Rica Escuela de Filología, Lingüística y Literatura,Universidad de Costa Rica 1980
Предмети:
Теги: Додати тег
Немає тегів, Будьте першим, хто поставить тег для цього запису!

MARC

LEADER 00000nam a2200000Ia 4500
008 170316s9999 xx 000 0 und d
040 |a cru BVZT 
090 |a Tesis 148 
100 |a Badilla Calderón, Annie Durán Páez, Omayra Vargas Montero, Marco 
245 |a "La mala hora": Historia de una revolución silenciosa 
260 |a San José, Costa Rica 
260 |b Escuela de Filología, Lingüística y Literatura,Universidad de Costa Rica 
260 |c 1980 
300 |a 163 páginas 
650 |a LICENCIATURA EN FILOLOGÍA ESPAÑOLA 
650 |a TRABAJO FINAL DE GRADUACIÓN 
999 |c 13754  |d 13754 
942 |c TFG  |h Tesis 148  |2 z